000 00539nam a2200193Ia 4500
005 20250923145835.0
008 008 250917s9999 xx 000 0 eng d
037 _aTextual
040 _aDSWL
_beng
_cDSWL
041 _aeng
_2eng
084 _aYX;ZFx, N75
_qDSWL
245 4 _aThe sociology community of action
_cEd. by E.P. Leonard
260 _aKerla
_bStaffordshive University Kerla
_c1975
300 _a245p.
365 _aGBP
_b10.5
925 _g10.5
942 _cTEXL
_hYX;ZFx, N75
999 _c1456347
_d1456347